[Event "?"]
[Site "?"]
[Date "????.??.??"]
[Round "?"]
[White "Martinsen, S."]
[Black "Otikova, E."]
[Result "1-0"]
[WhiteElo "2105"]
[BlackElo "1928"]
[PlyCount "77"]
[EventDate "2014.??.??"]

1. d4 d5 2. c4 e6 3. Nc3 Nf6 4. cxd5 exd5 5. Bg5 Bb4 6. e3 h6 7. Bh4 O-O 8. Bd3
Re8 9. Nge2 c6 10. Qc2 Qd6 11. O-O Bxc3 12. Nxc3 Nbd7 13. Rfe1 Nf8 14. Rab1 a5
15. a3 N8d7 16. Bg3 Qe7 17. f3 Qd8 18. Rbd1 Nb6 19. Nb5 Re7 20. Nd6 Nh5 21.
Nxc8 Nxc8 22. Bh4 g5 23. Bf2 Nd6 24. h4 Qd7 25. hxg5 hxg5 26. g4 Nf6 27. Bg3
Kg7 28. Kf2 Ng8 29. Rh1 Kf8 30. Qc5 Ne8 31. Bf5 Qd8 32. Rh8 a4 33. Rdh1 Ra5 34.
Qc2 Rb5 35. Bh7 Nef6 36. Bxg8 Qb6 37. b4 axb3 38. Qf5 Qa5 39. Bxf7+ 1-0

[Event "?"]
[Site "?"]
[Date "????.??.??"]
[Round "?"]
[White "Nguyen, H."]
[Black "Pallas, S."]
[Result "1/2-1/2"]
[WhiteElo "1909"]
[BlackElo "2026"]
[PlyCount "50"]
[EventDate "2014.??.??"]

1. e4 c5 2. Nf3 d6 3. Bb5+ Nd7 4. c3 Ngf6 5. Qe2 a6 6. Ba4 b5 7. Bc2 Bb7 8. O-O
Rc8 9. d3 e6 10. Rd1 Qc7 11. Nbd2 Be7 12. Nf1 d5 13. Ng3 c4 14. d4 dxe4 15.
Nxe4 Bxe4 16. Bxe4 Nxe4 17. Qxe4 Nf6 18. Qe2 O-O 19. Bg5 Nd5 20. Bxe7 Qxe7 21.
a3 Qc7 22. g3 Rb8 23. Re1 Rfc8 24. Ng5 Nf6 25. Ne4 Nxe4 1/2-1/2